00870nam a2200229 4500245009300000100003900093260004600132300002200178500001400200500004300214500002900257500002900286500003300315500003300348500004400381500003200425500002200457500009600479500002900575500001900604082001700623 aEquipment planning guide for vocational and technical training and education programming aInternational labour office,Geneva aGenevabInternational labour officec1974 av. : ill. ; 30cm. aContents: av.1: Machining and fitting occupations av.2: Tool and die making av.3: Welding occupations av.4: Sheet metal occupations av.5: Automotive occupations  av.6: Plumbing/pipes fitting occupations av.8: Carpentary and joinery av.10: Electronics av.15: Audiovisual,draughting,office,reproduction and other ancillary equipment and supplies av.16: Hotel and catering av.17: Forestry a371.425bINT